000 00912nam a2200229 a 4500
001 000046921
005 20201002053218.0
008 180406s2015 dr a 000 0 spa d
020 _z9789945495933
040 _aDO-SdBNP
_bspa
_cBNPHU
082 _axxxx
_bV181at
100 1 _aValle Tineo de Hernández, María del
_974846
245 1 0 _aAtención & concentración 2 :
_bnivel inicial, 4 años de edad /
_cMaría del Valle Tineo de Hernández, Nathalie Feliú Domínguez ; ilustraciones Henry Cid.
260 _aSanto Domingo :
_bActualidad Escolar 2000,
_c2015.
300 _a96 p. :
_bil. ;
_c22 cm.
490 1 _aVeraz
500 _aEste libro ha sido realizado de acuerdo al curriculum vigente y ha sido sometido a la evaluación y aprobación del MINERD.
590 _aInventariado, 2018/LP
700 1 _aCid, Henry,
_eil.
_9346
700 1 _aFeliú Domínguez, Nathalie
_974847
830 0 _aVeraz
_974848
999 _c46409
_d46409